[Event "Wolfsburg op-B"]
[Site "Wolfsburg"]
[Date "2024.11.17"]
[Round "4"]
[White "Zinner, Bernhard"]
[Black "Gaul, Karl Heinz"]
[Result "1-0"]
[WhiteElo "1876"]
[BlackElo "1651"]
[PlyCount "95"]
[EventDate "2024.11.15"]
[EventType "swiss"]
[EventRounds "5"]
[EventCountry "GER"]
[SourceTitle "CB49_2024"]
[SourceDate "2024.12.04"]
[SourceVersion "1"]
[SourceVersionDate "2024.12.04"]
[SourceQuality "1"]

1. d4 d5 2. c4 e6 3. Nf3 c5 4. Nc3 Nf6 5. Bg5 h6 6. Bh4 g5 7. Bg3 Bg7 8. Nb5 0-0 9. Bc7 Qe8 10. Bd6 Na6 11. e3 Qd8 12. Bxf8 Kxf8 13. Be2 cxd4 14. exd4 Qa5+ 15. Nc3 Ne4 16. 0-0 Nxc3 17. bxc3 Qxc3 18. cxd5 exd5 19. Bxa6 bxa6 20. Qb3 Qa5 21. Rac1 Be6 22. Rc5 Qd8 23. Qa3 Kg8 24. Qxa6 g4 25. Ne5 Qg5 26. Qe2 h5 27. f4 Qf5 28. Qc2 Qe4 29. Qxe4 dxe4 30. d5 Bf5 31. Nc6 Bf8 32. d6 Be6 33. Rg5+ Kh7 34. Rxh5+ Kg6 35. Rg5+ Kh6 36. Ne5 Bxd6 37. Nxg4+ Bxg4 38. Rxg4 f5 39. Rh4+ Kg6 40. Rc1 Rb8 41. Rc6 Rb1+ 42. Kf2 Rd1 43. Ke2 Rd5 44. Rh8 Kg7 45. Rd8 Rd2+ 46. Kxd2 Bxf4+ 47. Ke2 Bxh2 48. Rd7+ 1-0

[Event "Mittelfrank Regionalliga Sud-Ost 2223"]
[Site "Mittelfranken"]
[Date "2023.01.15"]
[Round "5.8"]
[White "Zinner, Bernhard"]
[Black "Brand, Leonhard"]
[Result "0-1"]
[WhiteElo "1751"]
[BlackElo "1846"]
[PlyCount "102"]
[EventDate "2022.10.09"]
[EventType "team-tourn"]
[EventRounds "9"]
[EventCountry "GER"]
[SourceTitle "EXT 2024"]
[Source "ChessBase"]
[SourceDate "2023.10.10"]
[SourceVersion "1"]
[SourceVersionDate "2023.10.10"]
[SourceQuality "1"]
[WhiteTeam "Landau Dingolfing"]
[BlackTeam "Freising"]
[WhiteTeamCountry "GER"]
[BlackTeamCountry "GER"]

1. d4 f5 2. c4 Nf6 3. Nf3 g6 4. Nc3 d6 5. Bf4 Bg7 6. Qb3 Nh5 7. Bd2 e5 8. dxe5 Bxe5 9. 0-0-0 c6 10. c5 Qe7 11. Bg5 Be6 12. Bxe7 Bxb3 13. Bxd6 Bxc3 14. axb3 Bg7 15. e3 Nd7 16. Ng5 Be5 17. Bc4 Bxd6 18. cxd6 b5 19. Be2 Ng7 20. Rhe1 h6 21. Nf3 Kf7 22. Nd4 Ne6 23. Nxe6 Kxe6 24. e4 Kf6 25. exf5 gxf5 26. f4 Rad8 27. Bh5 Rh7 28. b4 Nb6 29. Be8 Rh8 30. d7 Nd5 31. Rd4 Rh7 32. Kd2 Re7 33. Ra1 Re4 34. Rxe4 fxe4 35. Rxa7 Nxf4 36. Ra6 Ke7 37. Rxc6 Ne6 38. Ke3 Ng7 39. Rxh6 Nf5+ 40. Kxe4 Nxh6 41. Kd5 Ng4 42. h4 Nf6+ 43. Kc6 Nxe8 44. dxe8Q+ Rxe8 45. Kxb5 Kd7 46. Ka6 Kc7 47. b3 Rg8 48. g4 Rxg4 49. b5 Rb4 50. h5 Rxb3 51. Ka5 Kb7 0-1

[Event "Mittelfrank Regionalliga Sud-Ost 2223"]
[Site "Mittelfranken"]
[Date "2022.11.27"]
[Round "3.7"]
[White "Kreutner, Maximilian"]
[Black "Zinner, Bernhard"]
[Result "1-0"]
[WhiteElo "1941"]
[BlackElo "1751"]
[PlyCount "99"]
[EventDate "2022.10.09"]
[EventType "team-tourn"]
[EventRounds "9"]
[EventCountry "GER"]
[SourceTitle "EXT 2024"]
[Source "ChessBase"]
[SourceDate "2023.10.10"]
[SourceVersion "1"]
[SourceVersionDate "2023.10.10"]
[SourceQuality "1"]
[WhiteTeam "Passau II"]
[BlackTeam "Landau Dingolfing"]
[WhiteTeamCountry "GER"]
[BlackTeamCountry "GER"]

1. e4 c5 2. Nf3 e6 3. d4 cxd4 4. Nxd4 Nf6 5. Nc3 Bb4 6. e5 Ne4 7. Qd3 Qc7 8. Qxe4 Bxc3+ 9. bxc3 Qxc3+ 10. Kd1 Qxa1 11. Nb5 Na6 12. Nd6+ Ke7 13. Bxa6 bxa6 14. Qxa8 Qd4+ 15. Bd2 Qa1+ 16. Ke2 Qxe5+ 17. Qe4 Qxe4+ 18. Nxe4 f5 19. Bb4+ Kf7 20. Nd6+ Kg6 21. h4 h5 22. Rh3 a5 23. Rg3+ Kh7 24. Bc3 Ba6+ 25. Kd2 Rg8 26. Bxa5 f4 27. Rb3 g5 28. Ne4 Kg6 29. Nxg5 Rc8 30. Bc3 Rc5 31. Ra3 Rd5+ 32. Ke1 Bb7 33. Rxa7 Bc6 34. Nf3 Rc5 35. Kd2 Rd5+ 36. Kc1 Rc5 37. Bd4 Rd5 38. c4 Rf5 39. Ne5+ Kh6 40. Nxc6 dxc6 41. Ra6 f3 42. g3 e5 43. Rxc6+ Kh7 44. Rc5 Kg6 45. Rxe5 Rf8 46. Rg5+ Kh7 47. Rxh5+ Kg6 48. Rg5+ Kh7 49. a4 Rc8 50. Rc5 1-0

[Event "Mittelfrank Regionalliga Sud-Ost 2223"]
[Site "Mittelfranken"]
[Date "2022.10.09"]
[Round "1.8"]
[White "Zinner, Bernhard"]
[Black "Krueger, Christian"]
[Result "1/2-1/2"]
[WhiteElo "1751"]
[BlackElo "1747"]
[PlyCount "92"]
[EventDate "2022.10.09"]
[EventType "team-tourn"]
[EventRounds "9"]
[EventCountry "GER"]
[SourceTitle "EXT 2024"]
[Source "ChessBase"]
[SourceDate "2023.10.10"]
[SourceVersion "1"]
[SourceVersionDate "2023.10.10"]
[SourceQuality "1"]
[WhiteTeam "Landau Dingolfing"]
[BlackTeam "Groebenzell II"]
[WhiteTeamCountry "GER"]
[BlackTeamCountry "GER"]

1. d4 d5 2. c4 e6 3. Nf3 Bd6 4. Nc3 c6 5. Bg5 Ne7 6. c5 Bc7 7. Qc2 b6 8. b4 a5 9. b5 f6 10. Bh4 Nd7 11. bxc6 Nxc6 12. Qa4 Ndb8 13. e4 0-0 14. exd5 exd5 15. Nxd5 Re8+ 16. Ne3 Bf4 17. Bc4+ Kh8 18. 0-0 Bxe3 19. fxe3 Rxe3 20. Bf2 Re7 21. cxb6 Qxb6 22. d5 Qb4 23. Qxb4 Nxb4 24. Rfe1 Rxe1+ 25. Rxe1 Bd7 26. Re7 h6 27. Bg3 Ba4 28. Nd4 Nd7 29. a3 Nb6 30. axb4 Nxc4 31. bxa5 Rxa5 32. Rc7 Ne5 33. d6 Rd5 34. Bxe5 fxe5 35. Nf5 e4 36. g4 h5 37. h3 hxg4 38. hxg4 Bd1 39. Rxg7 Bxg4 40. Rxg4 Rxf5 41. Rxe4 Rd5 42. Re6 Kg8 43. Kf2 Kf7 44. Rh6 Ke8 45. Kf3 Kd7 46. Ke4 Rxd6 1/2-1/2

[Event "Niederbayern-ch"]
[Site "Vilshofen"]
[Date "2018.04.07"]
[Round "5"]
[White "Zinner, Bernhard"]
[Black "Wudi, Tobias"]
[Result "1-0"]
[WhiteElo "1730"]
[BlackElo "1484"]
[PlyCount "41"]
[EventDate "2018.04.05"]
[EventType "swiss"]
[EventRounds "7"]
[EventCountry "GER"]
[SourceTitle "EXT 2023"]
[Source "ChessBase"]
[SourceDate "2022.10.05"]
[SourceVersion "1"]
[SourceVersionDate "2022.10.05"]
[SourceQuality "1"]

1. d4 d5 2. c4 Nc6 3. Nf3 Bg4 4. e3 Nf6 5. Nc3 e6 6. a3 Be7 7. h3 Bxf3 8. Qxf3 0-0 9. Bd2 b6 10. cxd5 Nxd5 11. Nxd5 Qxd5 12. Qxd5 exd5 13. Rc1 Nd8 14. Rxc7 Bf6 15. Rd7 Re8 16. Rxd5 Nc6 17. Bc3 Rac8 18. Bb5 Re6 19. 0-0 h6 20. Rd7 a6 21. Bxa6 1-0

[Event "Niederbayern-ch"]
[Site "Vilshofen"]
[Date "2018.04.05"]
[Round "2"]
[White "Heiduk, Christoph"]
[Black "Zinner, Bernhard"]
[Result "0-1"]
[WhiteElo "1868"]
[BlackElo "1730"]
[PlyCount "104"]
[EventDate "2018.04.05"]
[EventType "swiss"]
[EventRounds "7"]
[EventCountry "GER"]
[SourceTitle "EXT 2023"]
[Source "ChessBase"]
[SourceDate "2022.10.05"]
[SourceVersion "1"]
[SourceVersionDate "2022.10.05"]
[SourceQuality "1"]

1. d4 d5 2. c4 dxc4 3. e4 c5 4. d5 Nf6 5. Nc3 Qa5 6. Bd2 Nbd7 7. Nf3 g6 8. Bxc4 a6 9. h3 Qc7 10. a4 Ne5 11. Be2 Bg7 12. Qc1 Nxf3+ 13. Bxf3 Nd7 14. 0-0 0-0 15. Be2 Bd4 16. Be3 Nf6 17. Qd2 Bxc3 18. Qxc3 Nxe4 19. Qc2 Nf6 20. Bf3 c4 21. Rac1 Bf5 22. Qc3 Rac8 23. a5 Be4 24. Bb6 Qd7 25. Bxe4 Nxe4 26. Qe5 Nf6 27. Rfd1 Qd6 28. f4 Nd7 29. Qd4 Nxb6 30. axb6 Qc5 31. Rc3 Rfd8 32. Kh2 e6 33. Qxc5 Rxc5 34. b3 Rdxd5 35. Rdc1 Rd6 36. bxc4 Rxb6 37. Rd1 Rbc6 38. Rd8+ Kg7 39. Rb8 b5 40. Rd3 bxc4 41. Rd7 Rc7 42. Rdd8 c3 43. g4 g5 44. fxg5 Rxg5 45. h4 Rgc5 46. g5 Kg6 47. Rh8 c2 48. h5+ Kxh5 49. Rb3 c1Q 50. Rxh7+ Kg4 51. Rg3+ Kf5 52. Rf3+ Qf4+ 0-1

[Event "Regionalliga SO 1516"]
[Site "Bayern"]
[Date "2016.01.31"]
[Round "6.6"]
[White "Zinner, Bernhard"]
[Black "Loew, Peter"]
[Result "0-1"]
[WhiteElo "1677"]
[BlackElo "1969"]
[PlyCount "104"]
[EventDate "2015.10.11"]
[EventType "team-tourn"]
[EventRounds "9"]
[EventCountry "GER"]
[SourceTitle "EXT 2018"]
[Source "ChessBase"]
[SourceDate "2017.10.13"]
[SourceVersion "1"]
[SourceVersionDate "2017.10.13"]
[SourceQuality "1"]
[WhiteTeam "Geiselhoering"]
[BlackTeam "Waldkraiburg"]
[WhiteTeamCountry "GER"]
[BlackTeamCountry "GER"]

1. Nf3 Nf6 2. d4 g6 3. c4 Bg7 4. g3 0-0 5. Bg2 d6 6. 0-0 Nbd7 7. Nc3 e5 8. dxe5 dxe5 9. Qc2 c6 10. Rd1 Qe7 11. a4 Rd8 12. b3 Qe8 13. Ba3 e4 14. Nd4 e3 15. f3 a6 16. Qc1 Nh5 17. Bb2 Nc5 18. b4 Rxd4 19. Rxd4 Nb3 20. Re4 Qxe4 21. fxe4 Nxc1 22. Rxc1 Be6 23. c5 Rd8 24. Rd1 Rd2 25. Rb1 Rxb2 26. Rxb2 Bxc3 27. Rb1 Nf6 28. Bf3 Nd7 29. Kg2 Kg7 30. h3 Kf6 31. g4 g5 32. Kg3 Ke5 33. b5 axb5 34. axb5 Nxc5 35. bxc6 bxc6 36. Rb6 Bd7 37. Rb8 Kd6 38. Rg8 Ne6 39. h4 h6 40. hxg5 hxg5 41. Ra8 Be5+ 42. Kg2 c5 43. Kf1 c4 44. Ke1 c3 45. Kd1 Nd4 46. Ra3 Bb5 47. Ra8 Kc5 48. Rd8 f6 49. Ra8 Kb4 50. Rc8 Kb3 51. Kc1 Nc6 52. Ra8 c2 0-1

[Event "Regionalliga SO 1516"]
[Site "Bayern"]
[Date "2016.01.17"]
[Round "5.6"]
[White "Guggenberger, Guido"]
[Black "Zinner, Bernhard"]
[Result "1/2-1/2"]
[WhiteElo "1908"]
[BlackElo "1677"]
[PlyCount "101"]
[EventDate "2015.10.11"]
[EventType "team-tourn"]
[EventRounds "9"]
[EventCountry "GER"]
[SourceTitle "EXT 2018"]
[Source "ChessBase"]
[SourceDate "2017.10.13"]
[SourceVersion "1"]
[SourceVersionDate "2017.10.13"]
[SourceQuality "1"]
[WhiteTeam "Tegernsee"]
[BlackTeam "Geiselhoering"]
[WhiteTeamCountry "GER"]
[BlackTeamCountry "GER"]

1. d4 d5 2. c4 c6 3. cxd5 cxd5 4. Bf4 Nc6 5. Nc3 Nf6 6. e3 a6 7. Bd3 g6 8. h3 Bg7 9. Nf3 0-0 10. 0-0 Re8 11. Bh2 b5 12. Rc1 Na5 13. Nxb5 axb5 14. Bxb5 Qb6 15. Bxe8 Nxe8 16. b3 Nc6 17. Qd2 Nf6 18. Rfd1 Ne4 19. Qc2 Bb7 20. Nd2 Nf6 21. a4 Rc8 22. Qc5 Qa6 23. Qb5 Qa7 24. a5 Bf8 25. Ra1 Ba6 26. Qa4 e6 27. Rdc1 Qb7 28. Rab1 Bb4 29. Qa2 Qb5 30. Rc2 Qxa5 31. Ra1 Bxd2 32. Rxd2 Qxa2 33. Rdxa2 Bb7 34. Bd6 Ne4 35. Bc5 e5 36. b4 exd4 37. exd4 Nc3 38. Rc2 Nb5 39. Rd2 Nc3 40. Rd3 Ne2+ 41. Kf1 Nf4 42. Rd2 Ne6 43. b5 Ne5 44. Ra7 Nc4 45. Rda2 Rc7 46. b6 Rd7 47. g3 Nd8 48. Re2 Nc6 49. Re8+ Kg7 50. Ra2 Nd6 51. Re1 1/2-1/2

[Event "Niederbayern-ch"]
[Site "Regen"]
[Date "2015.06.20"]
[Round "6"]
[White "Bangert, Ruediger"]
[Black "Zinner, Bernhard"]
[Result "0-1"]
[WhiteElo "1614"]
[BlackElo "1708"]
[PlyCount "82"]
[EventDate "2015.06.18"]
[EventType "swiss"]
[EventRounds "7"]
[EventCountry "GER"]
[SourceTitle "EXT 2023"]
[Source "ChessBase"]
[SourceDate "2022.10.05"]
[SourceVersion "1"]
[SourceVersionDate "2022.10.05"]
[SourceQuality "1"]

1. d4 d5 2. c4 c6 3. e3 Nf6 4. Nc3 g6 5. Nf3 Bg7 6. Be2 0-0 7. 0-0 Nbd7 8. cxd5 cxd5 9. Bd2 a6 10. Rc1 b5 11. b3 Re8 12. Ne5 Nxe5 13. dxe5 Ne4 14. Nxe4 dxe4 15. f4 exf3 16. Bxf3 Ra7 17. Bc3 Rd7 18. Qc2 Rc7 19. Qb2 Qd3 20. Rfe1 Be6 21. Bd4 Rxc1 22. Rxc1 b4 23. Be2 Qe4 24. Bxa6 Bh6 25. Qe2 Ra8 26. Re1 Bg4 27. Qb5 Qc2 28. Ra1 Bxe3+ 29. Bxe3 Qc3 30. Qf1 Qxe3+ 31. Kh1 Qxe5 32. Bc4 e6 33. h3 Bf5 34. Re1 Qc3 35. Qf2 Rxa2 36. Qh4 Qd2 37. Rg1 Kg7 38. Qg3 Qf2 39. Qe5+ Kh6 40. Kh2 Qh4 41. Qd6 Qxh3# 0-1

[Event "Niederbayern-ch"]
[Site "Untergriesbach"]
[Date "2013.04.07"]
[Round "7"]
[White "Zinner, Bernhard"]
[Black "Stadler, Alexander"]
[Result "1-0"]
[WhiteElo "1706"]
[BlackElo "2086"]
[PlyCount "49"]
[EventDate "2013.04.04"]
[EventType "swiss"]
[EventRounds "7"]
[EventCountry "GER"]
[SourceTitle "EXT 2023"]
[Source "ChessBase"]
[SourceDate "2022.10.05"]
[SourceVersion "1"]
[SourceVersionDate "2022.10.05"]
[SourceQuality "1"]

1. d4 d5 2. c4 c6 3. cxd5 cxd5 4. Nc3 Nf6 5. Nf3 Nc6 6. e3 e6 7. a3 Bd6 8. Bd3 0-0 9. 0-0 e5 10. dxe5 Nxe5 11. Nxe5 Bxe5 12. Ne2 Bxh2+ 13. Kxh2 Ng4+ 14. Kg3 h5 15. Rh1 h4+ 16. Rxh4 Nxf2 17. Bh7+ Kh8 18. Qa4 g5 19. Qd4+ f6 20. Bc2+ Kg8 21. Kxf2 gxh4 22. Bb3 Be6 23. Nf4 Qc7 24. Bd2 Qe5 25. Rh1 1-0

[Event "Niederbayern-ch"]
[Site "Untergriesbach"]
[Date "2013.04.05"]
[Round "4"]
[White "Bichlmeier, Juergen"]
[Black "Zinner, Bernhard"]
[Result "1-0"]
[WhiteElo "1922"]
[BlackElo "1706"]
[PlyCount "101"]
[EventDate "2013.04.04"]
[EventType "swiss"]
[EventRounds "7"]
[EventCountry "GER"]
[SourceTitle "EXT 2023"]
[Source "ChessBase"]
[SourceDate "2022.10.05"]
[SourceVersion "1"]
[SourceVersionDate "2022.10.05"]
[SourceQuality "1"]

1. c4 e5 2. g3 Nf6 3. Bg2 c6 4. d4 Bb4+ 5. Bd2 Bxd2+ 6. Qxd2 exd4 7. Qxd4 0-0 8. Nc3 Qe7 9. c5 a5 10. Na4 Na6 11. a3 Nc7 12. Rd1 Nfd5 13. e4 Nb5 14. Qd3 f5 15. Ne2 fxe4 16. Qxe4 Qf7 17. 0-0 Re8 18. Qd3 Nbc7 19. Nec3 Nxc3 20. Qxc3 Nb5 21. Qd3 d5 22. Nb6 Bf5 23. Qd2 Rad8 24. Qxa5 Nc7 25. Rfe1 Rf8 26. Qd2 h6 27. h4 Qf6 28. f3 d4 29. Qf4 Ne6 30. Qe5 Qxe5 31. Rxe5 Nc7 32. Nc4 Nb5 33. Rd2 d3 34. Ne3 Bh7 35. f4 Nd4 36. Rd1 Nb3 37. f5 Rfe8 38. Rxe8+ Rxe8 39. Kf2 d2 40. g4 Rd8 41. Bf1 Kf8 42. Bc4 Nxc5 43. Ke2 b5 44. Ba2 Na4 45. Rxd2 Rxd2+ 46. Kxd2 Nxb2 47. Kc3 Na4+ 48. Kb4 Ke7 49. Bb3 Kd6 50. g5 Nb6 51. g6 1-0

[Event "Niederbayernliga 1213"]
[Site "Bayern"]
[Date "2013.??.??"]
[Round "6"]
[White "Kolbeck, Alexander"]
[Black "Zinner, Bernhard"]
[Result "1/2-1/2"]
[WhiteElo "1712"]
[BlackElo "1671"]
[PlyCount "116"]
[EventDate "2012.10.14"]
[EventType "team-tourn"]
[EventRounds "9"]
[EventCountry "GER"]
[SourceTitle "EXT 2023"]
[Source "ChessBase"]
[SourceDate "2022.10.05"]
[SourceVersion "1"]
[SourceVersionDate "2022.10.05"]
[SourceQuality "1"]
[WhiteTeam "Regen/Viechtach"]
[BlackTeam "Geiselhoering"]
[WhiteTeamCountry "GER"]
[BlackTeamCountry "GER"]

1. d4 d5 2. c4 c6 3. Nf3 Nf6 4. Nc3 g6 5. Bg5 Ne4 6. Bh4 Nxc3 7. bxc3 dxc4 8. e4 Qa5 9. Qc2 b5 10. Be2 Bg7 11. 0-0 Nd7 12. a4 Qc7 13. Rfb1 Rb8 14. Ra2 e5 15. Bg3 a6 16. Rab2 0-0 17. Nxe5 Bxe5 18. dxe5 Nxe5 19. f4 Ng4 20. Kh1 Qa7 21. Bf3 Rb7 22. Qe2 Nf6 23. Bh4 Nd7 24. e5 Nb8 25. Bf2 Qa8 26. axb5 Rxb5 27. Qxc4 Be6 28. Qa4 Qb7 29. Rxb5 axb5 30. Qb4 Na6 31. Qd6 Rc8 32. Bh4 Qd7 33. Rd1 Nb8 34. Bf6 Qxd6 35. Rxd6 Kf8 36. Kg1 Ke8 37. Kf2 Bd7 38. Ke3 c5 39. h3 h5 40. g4 hxg4 41. Bxg4 Bxg4 42. hxg4 Nc6 43. f5 gxf5 44. gxf5 Ne7 45. Ke4 b4 46. cxb4 cxb4 47. Rb6 Rc4+ 48. Kd3 Rc3+ 49. Kd2 Nxf5 50. Rb8+ Kd7 51. Rxb4 Rc6 52. Rf4 Ke6 53. Ra4 Nd6 54. Kd3 Nb7 55. Ke3 Nc5 56. Ra8 Nd7 57. Re8+ Kf5 58. Bh8 Re6 1/2-1/2

[Event "Niederbayernliga 1213"]
[Site "Bayern"]
[Date "2013.??.??"]
[Round "5"]
[White "Reich, Christian"]
[Black "Zinner, Bernhard"]
[Result "1/2-1/2"]
[WhiteElo "1647"]
[BlackElo "1671"]
[PlyCount "98"]
[EventDate "2012.10.14"]
[EventType "team-tourn"]
[EventRounds "9"]
[EventCountry "GER"]
[SourceTitle "EXT 2023"]
[Source "ChessBase"]
[SourceDate "2022.10.05"]
[SourceVersion "1"]
[SourceVersionDate "2022.10.05"]
[SourceQuality "1"]
[WhiteTeam "Straubing SC"]
[BlackTeam "Geiselhoering"]
[WhiteTeamCountry "GER"]
[BlackTeamCountry "GER"]

1. e4 c5 2. Nf3 e6 3. c3 Nc6 4. d4 cxd4 5. cxd4 d5 6. e5 Bb4+ 7. Bd2 Qb6 8. Bxb4 Qxb4+ 9. Qd2 Bd7 10. Nc3 Na5 11. Be2 a6 12. 0-0 Ne7 13. Rfd1 h6 14. Rab1 Qb6 15. b4 Nc4 16. Bxc4 dxc4 17. a4 Bc6 18. b5 Bxf3 19. gxf3 Nd5 20. Nxd5 exd5 21. Kh1 Qg6 22. Rg1 Qf5 23. Qe3 0-0 24. b6 Rac8 25. Rbc1 Rc6 26. a5 Re8 27. Rg3 Ree6 28. Kg2 Rg6 29. h3 Rg5 30. f4 Rxg3+ 31. fxg3 Qd3 32. Kf2 Qb3 33. Qc3 Kf8 34. g4 Qxc3 35. Rxc3 h5 36. g5 g6 37. Ke3 Ke7 38. Kd2 Kd7 39. Rf3 Ke6 40. Rc3 Rc8 41. Ke3 Kd7 42. Kd2 Kc6 43. Ra3 Kb5 44. Kc3 Kc6 45. Ra1 Kd7 46. Rf1 Ke6 47. f5+ gxf5 48. h4 Rc6 49. Rf2 Rc8 1/2-1/2

[Event "Niederbayernliga 1011"]
[Site "Germany"]
[Date "2011.01.16"]
[Round "5.8"]
[White "Zinner, Bernhard"]
[Black "Hartmann, Erwin"]
[Result "0-1"]
[WhiteElo "1614"]
[BlackElo "1677"]
[PlyCount "108"]
[EventDate "2010.10.10"]
[EventType "team-tourn"]
[EventRounds "9"]
[EventCountry "GER"]
[SourceTitle "EXT 2012"]
[Source "ChessBase"]
[SourceDate "2011.11.24"]
[SourceVersion "1"]
[SourceVersionDate "2011.11.24"]
[SourceQuality "1"]
[WhiteTeam "Geiselhoering"]
[BlackTeam "Grafenau"]
[WhiteTeamCountry "GER"]
[BlackTeamCountry "GER"]

1. d4 d5 2. c4 c6 3. Nc3 Nf6 4. Nf3 Nbd7 5. cxd5 cxd5 6. Bf4 e6 7. Qa4 Nh5 8. Bd2 Be7 9. g4 Nhf6 10. Bf4 0-0 11. Nb5 Nb6 12. Qb3 Ne8 13. Rc1 Nc4 14. e4 a6 15. Nc3 b5 16. e5 Bd7 17. Bd3 Qa5 18. Ke2 b4 19. Nd1 Ba4 20. Bxh7+ Kxh7 21. Qd3+ Kg8 22. b3 Bb5 23. bxc4 Bxc4 24. Rxc4 dxc4 25. Qxc4 Qb5 26. Ne3 Qxc4+ 27. Nxc4 Nc7 28. Na5 Rfc8 29. Bd2 Nb5 30. Kd3 Rc7 31. Rc1 Rxc1 32. Bxc1 Rc8 33. Bb2 Nc3 34. a3 Na4 35. Nc4 Rxc4 36. Kxc4 Nxb2+ 37. Kb3 bxa3 38. Nd2 a5 39. Ne4 a4+ 40. Ka2 Nd1 41. f3 Bb4 42. Ng3 Nc3+ 43. Ka1 Nb5 44. Ne2 Bc3+ 45. Ka2 Bxd4 46. Nxd4 Nxd4 47. f4 Nb5 48. h3 g6 49. h4 Kg7 50. Ka1 Nd4 51. Ka2 Ne2 52. Kxa3 Nxf4 53. Kxa4 Nd3 54. Kb3 Nxe5 0-1